List of memebers as on 1st April, 1997 (Record no. 501627)

000 -LEADER
fixed length control field 00375cam a22001097a 4500
008 - FIXED-LENGTH DATA ELEMENTS--GENERAL INFORMATION
fixed length control field 180718b1997 xxu||||| |||| 00| 0 eng d
082 ## - DEWEY DECIMAL CLASSIFICATION NUMBER
Classification number I5053 In7 (R)
245 ## - TITLE STATEMENT
Title List of memebers as on 1st April, 1997
Statement of responsibility, etc. by The Institute of Company Secretaries, India
260 ## - PUBLICATION, DISTRIBUTION, ETC.
Place of publication, distribution, etc. New Delhi
Name of publisher, distributor, etc. ICSI House
Date of publication, distribution, etc. 1997
300 ## - PHYSICAL DESCRIPTION
Extent 777p.
700 ## - ADDED ENTRY--PERSONAL NAME
Personal name India, The Institute of Company Secretaries, India
Holdings
Withdrawn status Lost status Damaged status Not for loan Permanent Location Current Location Date acquired Full call number Barcode Date last seen Price effective from Koha item type
        Indian Institute of Public Administration Indian Institute of Public Administration 2018-08-04 I5053 In7 (R) GR15977 2018-08-04 2018-08-04 GR

Powered by Koha